Datum a čas kvízu
28
Celkem bodů
Celkový počet nahraných bodů na tomto kvízu bez doplňovacích otázek.
3.
Pořadí na kvízu
Konečné umístění týmu na tomto kvízu.
Zaznamenané odpovědi
| # | Otázka | Odpověď | Body | Výsledky |
|---|---|---|---|---|
| 1. | Ministryně obrany v demisi Kar... | 0 | ||
| 2. | Aplikace, jejíž logo vidíte na... | 1 | ||
| 3. | Ve středu 17. ledna byly oznám... | 0 | ||
| 4. | Společnost Škoda Auto oznámila... | 1 | ||
| 5. | Česká rychlobruslařka Karolína... | 0 | ||
| 6. | Abychom se mohli ohřát u ohně,... | 0 | ||
| 7. | Pták Ohnivák je slavný pohádko... | 1 | ||
| 8. | Olympijský oheň je jedním ze z... | 0 | ||
| 5. | Ohněm a mečem je román polskéh... | 1 | ||
| 5. | Napište název jevu související... | 0 |